000 00469nam a2200157 i 4500
001 62986
003 ES-MaACL
005 20230906164749.0
007 t|
008 031127s1965 sp ||||1| spa d
100 1 _aFernández Ogueta, Jesús.
_949964
245 1 0 _aCanónigo
_b: orientaciones litúrgicas actuales /
_cJesús Fernández Ogueta.
260 _aBilbao :
_bEdiciones Paulinas,
_c[1965]
300 _a182 p. ;
_c18 cm.
852 _aES-MaACL
_jF-7314
_bR.56636
999 _c62986
_d62986